000
00215 a2200097 4500
001
48811
100
_a
Lennox
245
_a
Jane's Air Launched Weapons
260
_a
_b
Jane's Defence Data
_c
090
_c
31711
_d
31711
942
_a
NUST-CAE
_c
M
_c
24127
999
_c
283884
_d
283884